| 000 | 02051nam a2200229Ii 4500 | ||
|---|---|---|---|
| 008 | 221202s xx 000 0 und d | ||
| 100 | 1 |
_aEnonchong, Laura-Stella E, _eauthor |
|
| 245 | 4 | _aThe Constitution and Governance in Cameroon (Edition 1) | |
| 264 |
_bRoutledge _c2020 |
||
| 300 | _a1 online resource | ||
| 336 |
_atext _btxt _2rdacontent |
||
| 337 |
_acomputer _bc _2rdamedia |
||
| 338 |
_aonline resource _bcr _2rdacarrier |
||
| 520 | _aThis book provides a systematic analysis of the major structural and institutional governance mechanisms in Cameroon, critically analysing the constitutional and legislative texts on Cameroon’s semi-presidential system, the electoral system, the legislature, the judiciary, the Constitutional Council and the National Commission on Human Rights and Freedoms. The author offers an assessment of the practical application of the laws regulating constitutional institutions and how they impact on governance. To lay the groundwork for the analysis, the book examines the historical, constitutional and political context of governance in Cameroon, from independence and reunification in 1960:1961, through the adoption of the 1996 Constitution, to more recent events including the current Anglophone crisis. Offering novel insights on new institutions such as the Senate and the Constitutional Council and their contribution to the democratic advancement of Cameroon, the book also provides the first critical assessment of the legislative provisions carving out a special autonomy status for the two Anglophone regions of Cameroon and considers how far these provisions go to resolve the Anglophone Problem. This book will be of interest to scholars of public law, legal history and African politics. | ||
| 653 | _aAfrican | ||
| 653 | _aAmerican Government | ||
| 653 | _aPolitical Science | ||
| 653 | _aPolitical Science | ||
| 653 | _aWorld | ||
| 856 | _uhttps://library.oapen.org/bitstream/20.500.12657/43338/1/external_content.pdfhttps://library.oapen.org/handle/20.500.12657/43338 | ||
| 942 | _cE-BOOK | ||
| 999 |
_c66127 _d66127 |
||